[Event "GER-chT U16 Girls"]
[Site "Magdeburg"]
[Date "2023.12.28"]
[Round "4.7"]
[White "Bakу, Isabella"]
[Black "Gerlach, Lorena"]
[Result "1-0"]
[WhiteElo "1399"]
[BlackElo "1183"]
[PlyCount "99"]
[EventDate "2023.12.26"]
[EventType "team-swiss"]
[EventRounds "7"]
[EventCountry "GER"]
[SourceTitle "CB03_2024"]
[SourceDate "2024.01.17"]
[SourceVersion "1"]
[SourceVersionDate "2024.01.17"]
[SourceQuality "1"]
[WhiteTeam "Stuttgart Wolfbusch"]
[BlackTeam "Paderborn Akademie"]
[WhiteTeamCountry "GER"]
[BlackTeamCountry "GER"]

1. d4 e6 2. Nf3 d5 3. e3 Nf6 4. Bd3 c5 5. b3 Nc6 6. Nbd2 Be7 7. Bb2 0-0 8. 0-0 a6 9. Ne5 Qc7 10. f4 Nd7 11. Rf3 f6 12. Rh3 f5 13. Nxd7 Qxd7 14. Qh5 h6 15. Rg3 Bf6 16. Nf3 Qf7 17. Qxh6 Bd7 18. Qh3 Be8 19. Ng5 Qh5 20. Qxh5 Bxh5 21. Nxe6 Rf7 22. Nxc5 g6 23. Bxf5 Kh7 24. Be6 Re7 25. Bxd5 Ra7 26. Nd3 Be2 27. Re1 Bxd3 28. cxd3 Kg7 29. Rf3 Nb4 30. Be4 Nxa2 31. Ra1 Rxe4 32. dxe4 Nb4 33. e5 Bd8 34. Bc3 Nd5 35. Ba5 b6 36. Be1 a5 37. e4 Nc7 38. d5 Nb5 39. Bf2 Rb7 40. d6 Kf7 41. f5 gxf5 42. exf5 Ke8 43. Rh3 Rf7 44. Rh8+ Rf8 45. Rxf8+ Kxf8 46. d7 Nc3 47. e6 Bf6 48. Kf1 Nd5 49. Bd4 Bd8 50. Rc1 1-0